Clic Patrimoine de l'UNESCO - Quel pays en Amérique? - Statistiques

Statistiques générales
  • Ce quiz a été pris 31 fois
  • Le résultat moyen est 16 sur 35
Statistiques - réponses
Hint Extra Hint Réponse % Correct
Arrondissement historique du Vieux-Québec Canada
100%
Statue de la Liberté Etats-Unis
100%
Centre historique de Mexico et Xochimilco Mexique
96%
Cité universitaire de Caracas Venezuela
92%
Réseau de réserves
du récif de la barrière du Belize
Belize
88%
Vieille ville de La Havane et son système de fortifications Cuba
84%
Ville de Cuzco Pérou
80%
Ville historique de Sucre Bolivie
76%
Ville coloniale de Saint-Domingue République dominicaine
76%
Îles Galápagos Equateur
72%
Chantier naval d'Antigua Sites archéologiques Antigua-et-Barbuda
68%
Centre historique de Bridgetown Barbade
64%
Centre historique de Salvador de Bahia Brésil
64%
Centre ville historique de Paramaribo Suriname
64%
Port, forteresses et ensemble monumental de Carthagène Colombie
56%
Cathédrale anglicane de Georgetown Guyana
52%
Citadelle, Sans-Souci, Ramiers Haïti
48%
Parc national de l'Iguazu Argentine
44%
Parc national Rapa Nui Chili
40%
Zone de gestion des Pitons Sainte-Lucie
36%
Ville historique de Saint-Georges Grenade
32%
Montagnes bleues Jamaïque
24%
Parc archéologique et ruines de Quirigua Guatemala
20%
Missions jésuites de La Santísima Trinidad et Jesús de Tavarangue Paraguay
20%
Parc national de la forteresse de Brimstone Hill Saint-Christophe-et-Niévès
20%
Lac d'asphalte de La Brea Trinité-et-Tobago
20%
Parc national de Morne Trois Pitons Dominique
16%
Site maya de Copán Honduras
16%
Cathédrale de León Nicaragua
16%
Portobelo et San Lorenzo Fortifications Panama
16%
Site archéologique de Joya de Cerén Salvador
16%
Parc national de la Soufrière Saint-Vincent-et-les-Grenadines
12%
sphères mégalithiques du Diquís Costa Rica
8%
Río Negro Uruguay
8%
Parc national Inagua Bahamas
0%
Aucun quiz correspondant
Distribution des résultats
% des personnes avec chaque résultat
Percentile par nombre de réponses
Votre historique - résultats
Vous n’avez pas pris ce quiz